01639nam a2200409Ia 4500001000600000003000500006008004100011010001100052020001800063040000900081082001600090111008900106130007500195245005300270260003900323300001400362440005400376500008700430503003500517504003800552650004100590650005400631650004600685650005000731650005100781650005300832650004800885700003700933901001600970902000600986910000900992942000601001942000701007999001901014952009801033952009801131Z_220CHAP220113s9999 xx 000 0 und d a163193 a0-408-10844-4 cCHAP a636.313 E27 aEaster School in Agricultural Science (35 : 1983 : University of Nottingham)9137465 a[Proceedings of the Easter School in Agricultural Science ...]9137466 aSheep production /ccompilador William Haresing aInglaterra :bButterworths,c  ax, 576 p. aNottingham Easter School proceedings ; 359137467 aTambién Titulado: [Proceedings of the Easter School in Agricultural Science ...] aej.1: 150591 \ ej.2: fotocopia aIncluye bibliografía e índice aGanado lanar xx Congresos 9137468 aGanado lanarxProducción xx Congresos9137469 aOvejas xx Cría xx Congresos9137470 aOvejas xx Genética xx Congresos9137471 aOvejas xx Nutrición xx Congresos9137472 aOvejas xx Reproducción xx Congreos9137473 aOvejas, Industria de xx Congresos9137474 aHaresing, William, comp.9137475 a636.313 E27 aM a  c1 cc1 c163193d163193 00102ddc40708GRALaZbZc1d2015-04-28pz_0111r2022-01-18 00:00:00t2w2022-01-18yLIBRO 00102ddc40708GRALaZbZc1d2005-11-09pz_0700r2022-01-18 00:00:00t1w2022-01-18yLIBRO